| 000 | 00784nam a2200277Ia 4500 | ||
|---|---|---|---|
| 001 | Para_4792 | ||
| 003 | CHAP | ||
| 008 | 220125s1906 xx 000 0 und d | ||
| 010 | _a203246 | ||
| 040 | _cCHAP | ||
| 090 | _aPA FOLLETO 2194 | ||
| 100 |
_aLadd, E. F. _964357 |
||
| 245 |
_aBleaching of flour / _c E. F. Ladd, and R. E. Stallings |
||
| 260 |
_aFargo : _b North Dakota Agricultural College |
||
| 300 | _ap. 219-35 | ||
| 440 |
_aNorth Dakota Agr. Exp. Sta. Bull.; 72 _9168931 |
||
| 650 |
_aHarina _x AnĂ¡lisis Blanqueo _9168932 |
||
| 700 |
_aStallings, R. E. _9109416 |
||
| 901 | _aPA FOLLETO 2194 | ||
| 902 | _aA | ||
| 905 | _a0000001906 FAR 0000000000 00 | ||
| 910 | _a1906 | ||
| 942 | _cPARA | ||
| 942 |
_cPARA _d1 |
||
| 999 |
_c203246 _d203246 |
||